Countries with 300+ Olympic Medals - Whammies - Statistics

General Stats
  • This quiz has been taken 42 times
  • The average score is 11 of 19
Answer Stats
Country % Correct
United States
95%
China
93%
France
93%
Germany
85%
United Kingdom
85%
Japan
78%
Canada
75%
Italy
73%
Australia
68%
Russia
65%
South Korea
45%
Soviet Union
43%
Sweden
40%
Hungary
33%
Netherlands
33%
Poland
30%
Finland
20%
East Germany
18%
Romania
18%
No matching quizzes found
Score Distribution
Percent of People with Each Score
Percentile by Number Answered
Your Score History
You have not taken this quiz